000
00308nam a22001457a 4500
008
230529b ||||| |||| 00| 0 eng d
020
_a
2246006805
041
_a
FRA
080
_a
82
082
_a
82HOS
100
_a
38
101
_a
GJL
245
_a
LA SENTINELLE AVEUGLE
_c
HOSSEIN.R
942
_2
udc
_c
BK
999
_c
59870
_d
59870